1215 1243 1112 1943 1517 1593 1809 1982 1194 1153 1987 1642 1372 1354 1213 1171 1755 1835 1373 1398 1164 1701 1990 1005 1496 1320 1973 1497 1332 1103 1384 1975 1688 1005 1586 1953 1394 1723 1336 1568 1886 1314 1850 1202 1662 1728 1579 1184 1512 1329 1594 1848 1935 1372 1298 1102 1828 1042 1227 1861 1550 1934 1291 1396 1308 1901 1006 1890 1318 1212 1202 1800 1731 1708 1086 1847 1156 1766 1899 1250 1888 1108 1898 1836 1260 1832 1361 1492 1473 1049 1768 1197 1676 1371 1124 1782 1771 1907 1889 BCNSPRNW ULIB Ver.6.0+V

เปลี่ยนเป็นภาษาไทย

Change to English
 แสดงรายละเอียดบรรณานุกรม
  กลับหน้าหลัก

Brief Record : Get Marc (ISO 2709) : E-mail record : QR code < ปิดหน้าต่าง
LEADER : 00000nam a2200337 a 4500
001    13399114530
003     ULIB
008    120411s||||||||th 000 0 tha d
020    ^a9781605476278
060 04 ^aWY152^bL765
245 00 ^aLippincott s nursing guide to expert elder care.^c[editor by] Margaret Eckman
246 13 ^aNursing guide to expert elder care.
260    ^aPhiladelphia :^bWolters Kluwer Health/Lippincott Williams,^c2011
300    ^aviii, 424 p. :^bill. ;^c23 cm.
500    ^aSend to Single Search
504    ^aIncludes bibliographical references and index.
650  2 ^aGeriatric Nursing^xmethods.
650  2 ^aAged^xphysiology.
650  2 ^aAged^xpsychology.
650  2 ^aNursing Care^xmethods.
710 2  ^aLippincott Williams & Wilkins.
945    ^p0^l0^i031633
995    ^a Kesorn
999 ^a ใช้งานได้ทุกระบบ
รายการนี้ยังไม่มีแท็ก
คุณยังไม่ได้ล็อกอิน คุณสามารถมีกิจกรรมร่วมกับเว็บไซต์ได้ แต่ต้องล็อกอินก่อน ::
  ล็อกอิน

รายการสื่อสารสนเทศ

ลำดับที่ ประเภท เลขเรียก/บาร์โค้ด สถานที่ สถานะ
- ไม่พบข้อมูล -

BibComment


ยังไม่เคยถูกคอมเมนท์

คอมเมนท์ทรัพยากรรายการนี้
  คอมเมนท์: Lippincott s nur..


 Copyright 2026. Bcnsprnw @Library